000 00557nam a2200145 a 4500
008 120416s1963 ||||||||||||||||| || u
050 _aBF 173 Fre
100 _aFreud, Sigmund
245 1 0 _aCivilization and its discontents
_ctranslated from the German by Joan Riviere
260 _aLondon
_bHogarth
_c1963
300 _axiii, 94p : ill
350 _a0.00
700 _aStrachey, James
995 _D0.00
_FCBU-MAIN LIBRARY (Kitwe)
_H1
_I9.95
_M1
_UAVAILABLE
_WMay 15, 2006
_ZMain Library Open Access Collection
999 _c37520
_d37520